Những bài thực hành Visual Basic 6.0

Guardat en:
Dades bibliogràfiques
Autor principal: Đinh, Xuân Lâm
Format: Llibre
Idioma:Undetermined
Publicat: Hà Nội Thống Kê 2003
Matèries:
Etiquetes: Afegir etiqueta
Sense etiquetes, Sigues el primer a etiquetar aquest registre!
Thư viện lưu trữ: Trung tâm Học liệu Trường Đại học Cần Thơ
LEADER 00547nam a2200193Ia 4500
001 CTU_64781
008 210402s9999 xx 000 0 und d
020 |c 55000 
082 |a 005.133 
082 |b L120 
100 |a Đinh, Xuân Lâm 
245 0 |a Những bài thực hành Visual Basic 6.0 
245 0 |c Đinh Xuân Lâm 
260 |a Hà Nội 
260 |b Thống Kê 
260 |c 2003 
650 |a Basic ( computer program language ) 
904 |i Minh,Hải 
980 |a Trung tâm Học liệu Trường Đại học Cần Thơ